[Event "Silkeborg"]
[Site "Silkeborg"]
[Date "1983.??.??"]
[Round "8"]
[White "Velikov, Petar"]
[Black "Fries Nielsen, Jens Ove"]
[Result "1/2-1/2"]
[WhiteElo "2460"]
[BlackElo "2425"]
[PlyCount "105"]
[EventDate "1983.10.??"]
[EventType "tourn"]
[EventRounds "11"]
[EventCountry "DEN"]
[EventCategory "7"]
[Source "ChessBase"]
[SourceDate "1999.07.01"]

1. d4 Nf6 2. c4 d6 3. Nf3 Nbd7 4. Nc3 e5 5. e4 Be7 6. Be2 O-O 7. O-O a5 8. Re1
c6 9. Bf1 Re8 10. Qc2 Bf8 11. h3 h6 12. Be3 exd4 13. Nxd4 Nc5 14. Bf4 Nfd7 15.
Rad1 Qf6 16. Bc1 g6 17. Be3 Qh4 18. g3 Qe7 19. Bg2 a4 20. f4 Qd8 21. b4 axb3
22. axb3 Qa5 23. Rb1 Qb4 24. Ncb5 Na6 25. Nc3 Bg7 26. Na2 Qa3 27. b4 Nc7 28.
Re2 Nb6 29. Kh2 Bd7 30. Bf2 Qa6 31. c5 Nc4 32. Rb3 d5 33. Nc3 Na3 34. Qd1 Nab5
35. exd5 Nxc3 36. Rxe8+ Rxe8 37. Rxc3 Nxd5 38. Bxd5 cxd5 39. Re3 Rxe3 40. Bxe3
Qa2+ 41. Qc2 Qa1 42. Qd2 Qf1 43. g4 h5 44. Qf2 Qd3 45. f5 Be5+ 46. Kg2 hxg4 47.
hxg4 Qe4+ 48. Qf3 Bxd4 49. Qxe4 dxe4 50. Bxd4 gxf5 51. gxf5 Bxf5 52. b5 Bd7 53.
c6 1/2-1/2

[Event "Silkeborg"]
[Site "Silkeborg"]
[Date "1983.??.??"]
[Round "2"]
[White "Velikov, Petar"]
[Black "Spassov, Liuben"]
[Result "1/2-1/2"]
[WhiteElo "2460"]
[BlackElo "2475"]
[PlyCount "44"]
[EventDate "1983.10.??"]
[EventType "tourn"]
[EventRounds "11"]
[EventCountry "DEN"]
[EventCategory "7"]
[Source "ChessBase"]
[SourceDate "1999.07.01"]

1. e4 e6 2. d4 d5 3. Nd2 c5 4. exd5 Qxd5 5. Ngf3 cxd4 6. Bc4 Qd6 7. O-O Nc6 8.
Nb3 Nf6 9. Nbxd4 Nxd4 10. Nxd4 a6 11. c3 Qc7 12. Qe2 Be7 13. Re1 O-O 14. Bg5
Nd5 15. Bxe7 Nxe7 16. Bb3 Ng6 17. Rad1 Bd7 18. Qf3 Rfd8 19. Qg3 Qxg3 20. hxg3
Be8 21. f3 Rd6 22. Kf2 Rad8 1/2-1/2

[Event "Silkeborg"]
[Site "Silkeborg"]
[Date "1983.??.??"]
[Round "1"]
[White "Velikov, Petar"]
[Black "Hebden, Mark"]
[Result "1/2-1/2"]
[WhiteElo "2460"]
[BlackElo "2495"]
[PlyCount "121"]
[EventDate "1983.10.??"]
[EventType "tourn"]
[EventRounds "11"]
[EventCountry "DEN"]
[EventCategory "7"]
[Source "ChessBase"]
[SourceDate "1999.07.01"]

1. d4 Nf6 2. Nf3 g6 3. Bg5 Bg7 4. Nbd2 O-O 5. e4 d6 6. c3 Nc6 7. a4 Qe8 8. Bd3
h6 9. Bh4 Nh5 10. O-O e5 11. dxe5 Nxe5 12. Nxe5 Qxe5 13. Re1 Qf4 14. Bg3 Nxg3
15. hxg3 Qg5 16. Nc4 h5 17. Qc1 Qe7 18. a5 Bd7 19. Ne3 Rae8 20. Nd5 Qd8 21. Qe3
c6 22. Nf4 a6 23. Bc2 Bg4 24. Qd2 h4 25. gxh4 Qxh4 26. g3 Qh6 27. Bd1 Bc8 28.
Bf3 Be5 29. Rad1 f5 30. exf5 Bxf5 31. Nd3 Qxd2 32. Rxd2 Bf6 33. Rxe8 Rxe8 34.
Nf4 d5 35. Ne2 Bd8 36. b4 Bg5 37. Rd4 Kf7 38. Kf1 Bh3+ 39. Ke1 Bf6 40. Rd3 Bf5
41. Re3 Rh8 42. Nd4 Bd7 43. Bg2 g5 44. Nf3 Re8 45. Nd4 Rb8 46. Nf3 Re8 47. Nd4
Rd8 48. Nf3 Bf5 49. Nd4 Bc8 50. Bf1 g4 51. Bd3 Rh8 52. f4 gxf3 53. Rxf3 Rh1+
54. Kd2 Rh2+ 55. Kc1 Rh1+ 56. Kd2 Bg4 57. Rf4 Bh3 58. Nf3 Ke7 59. g4 Ra1 60. g5
Bg7 61. Rh4 1/2-1/2